Представление документа в формате MARC21

Поле Инд. ПП Название Значение
Тип записи a
Библиографический уровень m
001 Контрольный номер RU/IS/BASE/318514045
005 Дата корректировки 20220802125047.9
040 b Код языка каталог. rus
041 a Код языка текста rus
080 a Индекс УДК 004.42
084 a Индекс другой классификации/Индекс ББК 32.973.26-018.2
090 a Полочн. индекс 681.3
c Каталожный индекс 681.3.06
x Авторский знак В19
097 b Оператор 11
100 a Автор Васильева Л. Г.
245 a Заглавие Стандартная программа для вычисления однократных интегралов от быстро осциллирующих функций
c Ответственность под общ. ред. В. В. Воеводина
260 a Место издания М.
b Издательство Мгу
c Дата издания 1967
300 a Объем 22 с.
440 a Серия Вычислительные центры
n Номер части Вып. 25
510 a Примечание о ссылках Книги и методические пособия
650 a Основная рубрика 50.41 Программное обеспечение вычислительных машин, комплексов и сетей
x Основная подрубрика 50.41.17 Системное программное обеспечение
653 a Ключевые слова программы (выч. техника); интегралы; цифровые вычислительные машины; применение ЭВМ
901 t Тип документа m